000 00806nam0a22002291 4500
001 rc\2859755
005 20250529210126.0
035 _a(NLR Aleph) 007014131
090 _a5843944
_c5843944
100 _a20110708d1929 |||y0rusy50 ca
101 0 _arus
102 _aRU
105 _aa z |||||
200 1 _aОчерки экономической работы профессиональных союзов
_fИ. Толстопятов
210 _aМосква
_cкнигоизд-во ВЦСПС
_d1929
_gтип. РИО ВЦСПС
215 _a156, [2] с., [2] с. объявл.
_cдиагр.
_d23х15 см
700 1 _aТолстопятов
_bИ.А.
_gИван Александрович
801 0 _aRU
_bNLR
_gpsbo
801 1 _aRU
_bELAR
_2rusmarc
852 _aNLR
_j65/47
942 _cBOOK
980 _aNB